أساسيات علم الكلام / (Record no. 14697)
[ view plain ]
| 000 -الفاتح | |
|---|---|
| حقل البيانات ثابتة الطول | 01622nam a22002897i 4500 |
| 003 - محدد رقم الضبط | |
| رقم الضبط | EG-ScBUE |
| 005 - وقت وتاريخ اخر تعامل مع التسجيلة | |
| رقم الضبط | 20260512121346.0 |
| 008 - عناصر البيانات ثابتة الطول - معلومات عامة | |
| حقل البيانات ثابتة الطول | 100825s1990 sy a frbd 000 0 ara d |
| 040 ## - مصدر الفهرسة | |
| وكالة الفهرسة الأصلية | EG-ScBUE |
| لغة الفهرسة | ara |
| قواعد الوصف | rda |
| وكالة النسخ | EG-ScBUE |
| وكالة التعديل | EG-ScBUE |
| 082 04 - رقم تصنيف ديوى العشرى | |
| رقم التصنيف | 534 |
| رقم المادة | ب و ر |
| رقم الطبعة | 22 |
| 100 1# - المدخل الرئيسى - إسم شخصى | |
| 9 (RLIN) | 17715 |
| الإسم الشخصى | بوردن، جلوريا ج.، |
| الدور | مؤلف. |
| 245 10 - بيان العنوان | |
| العنوان | أساسيات علم الكلام / |
| بيان المسئوليه,etc | تأليف الدكتورة جلوريا ج. بوردن، قسم الكلام، جامعات تيمبل، فيلادلفيا، بنسلفانيا ، ومختبرات هاسكنز، نيوهيفن، كونيكت، الدكتورة كاثرين س. هاريس، قسم الكلام وعلوم السمع، مدرسة الخريجين، جامعة مدينو نيويورك، نيويورك، ومختبرات هاسكنز، نيوهيفن، كونيكت ؛ ترجمة الدكتور محيي الدين حميدي. |
| 264 #1 - النشر، التوزيع | |
| مكان الناشر او الموزع | حلب : |
| اسم الناشر او الموزع | دار الشرق العربي، |
| تاريخ النشر أو التوزيع | [1990] |
| 300 ## - الوصف المادى | |
| التعداد | 501 صفحة : |
| تفاصيل ماديه اخرى للوعاء | إيضاحيات ؛ |
| أبعاد الوعاء | 24 سم |
| 336 ## - نوع المحتوى | |
| source | rdacontent |
| Carrier Type Term | نص |
| Content Type Code | txt |
| 337 ## - نوع الوسيط | |
| Media Type Term | بدون وسيط |
| source | rdamedia |
| Media Type Code | n |
| 338 ## - نوع الحامل أو الناقل | |
| Carrier Type Term | مجلد |
| Carrier Type Code | nc |
| source | rdacarrier |
| 500 ## - تبصرة عامة | |
| تبصرة عامة | يشتمل على ملاحق. |
| 500 ## - تبصرة عامة | |
| تبصرة عامة | يشتمل على قائمة بالمصطلحات. |
| 500 ## - تبصرة عامة | |
| تبصرة عامة | تاريخ النشر من المقدمة. |
| 504 ## - تبصرة ببليوجرافية | |
| تبصرة ببليوجرافية,الخ | يشتمل على إرجاعات ببليوجرافية. |
| 650 #7 - المدخل الاضافى بالموضوع-مصطلح موضوعى | |
| 9 (RLIN) | 22274 |
| مصطلح موضوعي أو اسم جغرافي كعنصر مدخل | علم الكلام. |
| مصدر الرأس أو المصطلح | BUEsh |
| 655 ## - مصطلح تكشيفى-نوع/شكل | |
| التقسيم الفرعي الشكلي | Reading book |
| 700 1# - المدخل الاضافى - اسم شخصى | |
| 9 (RLIN) | 17716 |
| الإسم الشخصى | كاثرين، س. هاريس، |
| الدور | مؤلف. |
| 700 1# - المدخل الاضافى - اسم شخصى | |
| 9 (RLIN) | 17717 |
| الإسم الشخصى | حميدي، محيي الدين ، |
| الدور | مترجم. |
| 942 ## - عناصر المدخل الإضافي( كوها) | |
| مصدر التصنيف او مخطط الترفيف | Dewey Decimal Classification |
| Koha [default] item type | Book - Borrowing |
| حالة التراجع | حالة الفقد | مصدر التصنيف او خطة الترفيف | حالة تلف | ليس للاعارة | مجموعات كوها | المكان الدائم | المكان الحالي | موقع الترفيف | تاريخ الاكتساب | Source of acquisition | رقم الاستدعاء | الباركود | Date last seen | مُعار | نوع الوعاء |
|---|---|---|---|---|---|---|---|---|---|---|---|---|---|---|---|
| Dewey Decimal Classification | Alef-Baa | Central Library | Central Library | First floor | 25/08/2010 | 534ب و ر | 000021755 | 15/07/2025 | 06/02/2016 | Book - Borrowing |